000 00536 a2200157 4500
020 _a1860945872
020 _a9781860945878
082 _a515.35
090 _c1551
_d1551
100 1 _aWhite, Roscoe B.
245 1 0 _aAsymptotic analysis of differential equations /
_cRoscoe B. White.
260 _a[S.l.] :
_bImperial College Press,
_c2006.
300 _a286 p. ;
_c23 cm.
942 _aSNS
_cBK
_k515.35 WHI
999 _c30162
_d30162